| 000 | 00362nam a22001217a 4500 | ||
|---|---|---|---|
| 082 | _a200 THE | ||
| 100 |
_aJaveria Habib _969907 |
||
| 245 | _aTH-SOF-1326-PLI Removal from ECG Signal using Adaptive Algorithms | ||
| 260 |
_aIslamabad _bNUST College of EME _c2017 |
||
| 650 | _a MS-ELECT-79 MSTHESIS | ||
| 700 | _aSupervisor Dr. Shahzad Amin Sheikh | ||
| 942 | _cCF | ||
| 999 |
_c576990 _d576990 |
||